| 000 | 01094nam a2200289 c 4500 | ||
|---|---|---|---|
| 999 |
_c189563 _d189563 |
||
| 003 | BLK | ||
| 005 | 20180422115648.0 | ||
| 008 | 180411b bul|||||r ||||||| ||bul|| | ||
| 010 | _aKNG00198607000 | ||
| 040 | _aBLK | ||
| 041 |
_aBUL _cBUL |
||
| 080 |
_aГеография на България _b913(497.2) _x(036) _z913(497.2)(036) |
||
| 100 | 1 |
_aПанайотов, Иван Ал. _eпърви автор _9287511 |
|
| 139 |
_aПанайотов, Иван Ал. и др. _bП 17 |
||
| 245 | 1 | 0 |
_aЗеменски пролом _cИван Ал. Панайотов; съавт. Ангел Сергиев Велчев. |
| 257 | _aBGR | ||
| 260 |
_bМедицина и физкултура _c1964 |
||
| 300 |
_a56 с. _bс ил. _c18 см |
||
| 380 | _a91 | ||
| 490 | 1 | _aМалка туристическа библиотека | |
| 700 | 1 |
_aВелчев, Ангел Сергиев _eсъавт. _9384732 |
|
| 852 | _aЦб І 6685 | ||
| 856 | 4 | _qpdf | |
| 856 | 4 | _qpdf | |
| 942 |
_cKNG _n0 |
||
| 944 |
_aCR _c19.12.2016 _kДаниел_Димитров |
||
| 944 |
_aED _c20.12.2016 _kГеновева_Генчева |
||
| 999 | _d189563 | ||